00774nam a2200217Ia 4500003000400000005001700004008004100021020001800062040001800080041000800098082002600106245008800132250001200220260003800232300003000270650005600300650006400356650008400420700002200504700003000526OSt20250124144619.0210716s2011 xx 000 0 und d a9788174469564 cAIMIT LIBRARY aeng a001.0726584 21bJACN aReading in organization development /cEdited by Nina Jacob and Sanjay Kumar Singh. a1st ed. aNew Delhi :bExcel Books ,c2011. aviii;160p. ,bPBc25.7 cm aOrganizational development and knowledge management aMeasuring uncertainty :comparative analysis of dairy firms  aDoes positioning of self matter in reducing work stress? an empirical approach. aJacob, Nina., ed. aSingh, Sanjay Kumar., ed.